|
|
|
|
| LEADER |
00000nab a2200000 a 4500 |
| 001 |
vtls008413997 |
| 003 |
SK-MaSNL |
| 005 |
20260303070232.0 |
| 008 |
040806c2005 xo 0 slo |
| 015 |
|
|
|a SNBCL2005/5
|
| 035 |
|
|
|a SLK035246
|
| 040 |
|
|
|a SLKCL
|b slo
|c SNKBUCL
|e AACR2
|
| 041 |
1 |
|
|a slo
|b eng
|b slo
|
| 044 |
|
|
|a xo
|c SK
|
| 080 |
|
|
|a 612.822.2:616.8-009.7:616-073.27
|2 1981
|
| 100 |
1 |
|
|a Janovský, Martin
|u 3. lekárska fakulta UK, Ústav farmakológie, Praha
|4 aut
|9 1067379
|
| 245 |
1 |
0 |
|a Mikrodialýza v experimentálnom výskume bolesti
|c Martin Janovský
|
| 246 |
1 |
0 |
|a Microdialysis in experimental pain research
|
| 246 |
1 |
1 |
|a Microdialysis in experimental pain research
|
| 300 |
|
|
|b Obr., tab.
|
| 504 |
|
|
|a Res. angl., slov.
|
| 504 |
|
|
|a Bibliogr. odkazy
|
| 650 |
0 |
7 |
|a mikrodialýza
|x vybavenie prístrojové
|2 MESH
|9 1067380
|
| 650 |
0 |
7 |
|a receptory nociceptívne
|x účinky liekov
|2 MESH
|9 1067381
|
| 650 |
0 |
7 |
|a bolesť
|x etiológia
|2 MESH
|9 858884
|
| 650 |
0 |
7 |
|a systém nervový centrálny
|x chémia
|2 MESH
|9 1067382
|
| 650 |
0 |
7 |
|a miecha
|x patofyziológia
|2 MESH
|9 1067383
|
| 650 |
0 |
7 |
|a zakončenia nervové
|2 MESH
|9 1067384
|
| 773 |
0 |
|
|w SERIAL_GENERAL*000118*2005*005*003
|x 1212-0634
|t Bolest
|g Roč. 8, č. 3 (2005), s. 152-155, 158
|
| 850 |
|
|
|a Slovenská lekárska knižnica v Bratislave
|a BA006
|
| 852 |
|
|
|a BA006
|b KIS3GCP
|b 000500000
|
| 999 |
|
|
|c 1754498
|d 1756428
|